000 00771cam a22002291 4500
001 sa 65002315
003 DLC
005 20260227112116.0
008 890622q io 000 0 dut
010 _asa 65002315
035 _a(OCoLC)23418591
040 _aDLC
_cMiU
_dDLC
042 _apremarc
043 _aa-io---
050 0 0 _aUA853.I5
_bA524
110 1 _aIndonesia.
_bDepartemen Pertahanan.
245 1 0 _aKeterangan Pemerintah kepada sidang pleno D. P. R. tanggal 16 Desember 1959 mengenai keamanan;
_cdiutjapkan oleh Menteri Keamanan/Pertahanan Letnan Djenderal A. H. Nasution.
260 _a[Djakarta]
_bDepartemen Penerangan
_c[cover 1959]
300 _a109 p.
_c23 cm.
651 0 _aIndonesia
_xDefenses.
700 1 _aNasution, Abdul Haris,
_d1918-2000.
999 _c62577
_d62577